000 00716nam a2200205Ia 4500
003 GCL
008 140319s9999 xx 000 0 ara d
040 _aGCL /
_cGCL
082 0 4 _a822
_bر ا
100 1 _aمحمد سمير عبدالحميد
245 1 0 _aالاسكندر المقدونى,او, قصة مغامرة /
_cمحمد سمير عبدالحميد
700 1 _aمحمد كامل كمالى
700 1 _aرايتجانى، تيرانس
300 _a238 ص
490 _aمن المسرح العالمى
_v0
650 0 4 _aالمسرحيات الانجليزية
650 0 4 _aالاسكندر الاكبر
650 0 4 _aالمسرحيات الانجليزية المترجمة
942 _2ddc
_cBK
999 _c41793
_d41793